[Event "Bullet Chess Winners 2024"]
[Site "chess.com INT"]
[Date "2024.06.10"]
[Round "1.2"]
[White "Yoo,Christopher Woojin"]
[Black "Nakamura,Hi"]
[Result "0-1"]
[WhiteElo "2599"]
[BlackElo "2794"]

1.e4 g6 2.h4 c6 3.h5 Bg7 4.d4 d5 5.h6 Bf8 6.e5 e6 7.Nf3 c5 8.c4 dxc4 9.Bxc4 cxd4
10.Nxd4 Ne7 11.Nc3 Nec6 12.Bb5 Bd7 13.Ne4 Be7 14.Nf3 Qa5+ 15.Nc3 Nxe5 16.Bxd7+ Nbxd7
17.O-O O-O 18.Re1 Rad8 19.Bf4 Nc5 20.Bxe5 Rxd1 21.Raxd1 Rd8 22.Rxd8+ Qxd8
23.Rd1 Qc8 24.Bg7 f6 25.b4 Nd7 26.Ne4 Kf7 27.Nd4 f5 28.Nd2 Bf6 29.Nb5 Qc2  0-1

[Event "Bullet Chess Winners 2024"]
[Site "chess.com INT"]
[Date "2024.06.10"]
[Round "1.19"]
[White "Nakamura,Hi"]
[Black "Yoo,Christopher Woojin"]
[Result "1-0"]
[WhiteElo "2794"]
[BlackElo "2599"]

1.b3 e5 2.Bb2 Nc6 3.e3 d5 4.Bb5 Bd6 5.f4 Qe7 6.fxe5 Bxe5 7.Bxe5 Qxe5 8.Nc3 Nf6
9.Nf3 Qd6 10.O-O O-O 11.Qe1 Re8 12.Qh4 Bd7 13.Bxc6 bxc6 14.Ne2 Ne4 15.d3 Nf6
16.Ng3 Rxe3 17.Nd4 Qc5 18.Rxf6 gxf6 19.Qxf6 Re6 20.Qf2 Rg6 21.Rf1 Rf8 22.Nh5 Qd6
23.Nf6+ Kh8 24.Qh4 h6 25.Nh5 Qe5 26.Nf4 Rf6 27.Nde2 Qg5 28.Qf2 Bg4 29.Nd4 Rg8
30.h4 Qg7 31.g3 Bd7 32.Kh2 Qg4 33.Qe3 Rxf4 34.Qxf4 Qh3+ 35.Kg1 Rxg3+ 36.Kf2 Rg4
37.Qf6+ Kg8 38.Nf3 Qg2+ 39.Ke1 Qxc2 40.Ne5 Qc1+ 41.Ke2 Qc2+ 42.Ke3 Rg3+ 43.Kf4 Qh2
44.Qxf7+ Kh8 45.Qf6+ Rg7+ 46.Ke3 d4+ 47.Kxd4 Qg3 48.Kc3 Kg8 49.Nf7  1-0

[Event "Bullet Chess Winners 2024"]
[Site "chess.com INT"]
[Date "2024.06.10"]
[Round "1.3"]
[White "Nakamura,Hi"]
[Black "Yoo,Christopher Woojin"]
[Result "0-1"]
[WhiteElo "2794"]
[BlackElo "2599"]

1.Nf3 Nf6 2.b3 g6 3.Bb2 Bg7 4.d4 O-O 5.e3 d6 6.Be2 Nbd7 7.O-O Qe8 8.c4 e5
9.dxe5 dxe5 10.Nc3 c6 11.Nd2 Nc5 12.Ba3 b6 13.Na4 Qe7 14.Nxc5 bxc5 15.Qc2 e4
16.Rad1 Bf5 17.Rfe1 h5 18.Nb1 Ng4 19.h3 Ne5 20.Nc3 Nd3 21.Bxd3 exd3 22.Qd2 Rfd8
23.e4 Be6 24.Nd5 Qd6 25.Qxd3 cxd5 26.exd5 Bd7 27.Qf3 Re8 28.Bc1 Rxe1+ 29.Rxe1 Re8
30.Rxe8+ Bxe8 31.Bf4 Be5 32.Be3 Bd7 33.Qe2 f6 34.Qd2 Bf5 35.Qa5 Bd4 36.Qxa7 Bxe3
37.fxe3 Qg3 38.Qe7 Bxh3 39.Qe8+ Kg7 40.Qe7+ Kh6 41.Qe4 g5 42.Qf3 Qxf3 43.gxf3 Bd7
44.a3 g4 45.b4 cxb4 46.axb4 g3 47.c5 h4 48.c6 Be8 49.b5 h3 50.b6 Bh5 51.b7 Bxf3  0-1

[Event "Bullet Chess Winners 2024"]
[Site "chess.com INT"]
[Date "2024.06.10"]
[Round "1.4"]
[White "Yoo,Christopher Woojin"]
[Black "Nakamura,Hi"]
[Result "0-1"]
[WhiteElo "2599"]
[BlackElo "2794"]

1.d4 g6 2.Nf3 Bg7 3.e4 d6 4.Bc4 Nf6 5.Nc3 Nxe4 6.Nxe4 d5 7.Bd3 dxe4 8.Bxe4 c6
9.c3 Nd7 10.h3 Nf6 11.Bc2 O-O 12.O-O Qc7 13.Re1 b6 14.Ne5 Bb7 15.Bf4 Qc8
16.Qd2 c5 17.Bh6 Rd8 18.Bxg7 Kxg7 19.Bb3 Bd5 20.Bxd5 Rxd5 21.Nf3 cxd4 22.cxd4 e6
23.Rac1 Qa6 24.a3 Rad8 25.Rc7 R5d7 26.Rxd7 Rxd7 27.Rc1 Qb7 28.Qf4 Nd5 29.Qe5+ Nf6
30.Rc3 Qd5 31.Qf4 Qa2 32.Qc1 Nd5 33.Rc2 Qb3 34.Re2 Qb5 35.Re1 Rc7 36.Qd2 Qc4
37.Ne5 Qc2 38.Qxc2 Rxc2 39.Nd3 Rd2 40.Nb4 Nxb4 41.axb4 Rxb2 42.Ra1 Rxb4 43.d5 a5
44.dxe6 fxe6  0-1

[Event "Bullet Chess Winners 2024"]
[Site "chess.com INT"]
[Date "2024.06.10"]
[Round "1.5"]
[White "Nakamura,Hi"]
[Black "Yoo,Christopher Woojin"]
[Result "1-0"]
[WhiteElo "2794"]
[BlackElo "2599"]

1.b3 Nf6 2.Bb2 d5 3.Nf3 c5 4.e3 a6 5.d4 cxd4 6.Nxd4 e5 7.Nf3 e4 8.Nd4 Nc6
9.Nd2 Bd6 10.c4 O-O 11.cxd5 Nxd5 12.Nxc6 bxc6 13.Be2 Qh4 14.g3 Qh3 15.Bf1 Qe6
16.Bg2 f5 17.O-O Bb4 18.Nc4 Rd8 19.Qc2 a5 20.Rfd1 Ba6 21.a3 Bf8 22.Rac1 a4
23.bxa4 Rab8 24.Bf1 Be7 25.Na5 Bxf1 26.Rxf1 c5 27.Rfd1 Nb6 28.Rxd8+ Rxd8
29.Nb3 Nxa4 30.Ba1 Rd3 31.Na5 Nb6 32.a4 Ra3 33.Qb2  1-0

[Event "Bullet Chess Winners 2024"]
[Site "chess.com INT"]
[Date "2024.06.10"]
[Round "1.6"]
[White "Yoo,Christopher Woojin"]
[Black "Nakamura,Hi"]
[Result "1-0"]
[WhiteElo "2599"]
[BlackElo "2794"]

1.e4 g6 2.d4 Bg7 3.h4 d5 4.exd5 Qxd5 5.Nf3 c5 6.Nc3 Qd8 7.Bb5+ Bd7 8.Qd3 cxd4
9.Nxd4 a6 10.Bxd7+ Nxd7 11.Be3 Ne5 12.Qe4 Nc4 13.O-O-O Nd6 14.Qf3 Rc8 15.h5 Rxc3
16.bxc3 Qa5 17.hxg6 hxg6 18.Rxh8 Bxh8 19.Bf4 Nc4 20.Rh1 Bxd4 21.Qxb7 Qa3+
22.Kd1 Kf8 23.Qc8+ Kg7 24.Qxc4 Bf6 25.Qd3 Qxa2 26.Qh3 Qa1+ 27.Kd2 Qa4 28.Qh8+ Kf8
29.Bh6+ Ke8 30.Qxg8+ Kd7 31.Rh3  1-0

[Event "Bullet Chess Winners 2024"]
[Site "chess.com INT"]
[Date "2024.06.10"]
[Round "1.7"]
[White "Nakamura,Hi"]
[Black "Yoo,Christopher Woojin"]
[Result "1-0"]
[WhiteElo "2794"]
[BlackElo "2599"]

1.Nf3 Nf6 2.b3 g6 3.Bb2 Bg7 4.d4 O-O 5.e3 c5 6.dxc5 Qa5+ 7.c3 Qxc5 8.Ba3 Qa5
9.Bxe7 Re8 10.Bxf6 Bxf6 11.Qd2 d5 12.Be2 Bg4 13.O-O Nc6 14.Nd4 Bxe2 15.Nxe2 Rad8
16.Rd1 h5 17.Qb2 h4 18.h3 Qc7 19.Nd2 Ne5 20.Qc2 Rd6 21.Nd4 a6 22.N2f3 Nd7
23.Rac1 Nc5 24.Ne2 Ne4 25.c4 dxc4 26.Rxd6 Qxd6 27.bxc4 Qe7 28.Nf4 Nc3 29.Nd5 Nxd5
30.cxd5 Qd6 31.e4 Qb4 32.Re1 Be5 33.Re2 Bd6 34.Nxh4 Qd4 35.g3 Qf6 36.Kg2 Kg7
37.Nf3 Qa1 38.e5 Bxe5 39.d6 f6 40.d7 Rd8 41.Nxe5 fxe5 42.Qc7  1-0

[Event "Bullet Chess Winners 2024"]
[Site "chess.com INT"]
[Date "2024.06.10"]
[Round "1.8"]
[White "Yoo,Christopher Woojin"]
[Black "Nakamura,Hi"]
[Result "0-1"]
[WhiteElo "2599"]
[BlackElo "2794"]

1.e4 c6 2.Nf3 d5 3.exd5 cxd5 4.Ne5 Nc6 5.Bb5 Qc7 6.d4 a6 7.Bxc6+ bxc6 8.c4 e6
9.Nc3 Bd6 10.O-O Ne7 11.Re1 O-O 12.Qg4 f6 13.Nd3 e5 14.Qh5 e4 15.c5 exd3
16.cxd6 Qxd6 17.Qf3 Bf5 18.Bf4 Qd7 19.Na4 Be4 20.Nc5 Qf5 21.Nxe4 dxe4 22.Qxe4 Qxe4
23.Rxe4 Nd5 24.Bd2 Rfe8 25.f3 f5 26.Re5 Rxe5 27.dxe5 Kf7 28.Rc1 Rc8 29.f4 c5
30.b3 Ke6 31.Kf2 g5 32.g3 gxf4 33.gxf4 Nb6 34.Ke3 c4 35.bxc4 Rxc4 36.Rxc4 Nxc4+
37.Kxd3 Kd5 38.Bc3 Nb6 39.Bd4 Nd7 40.Be3 Nf8 41.h4 Ne6 42.h5 h6 43.a3 Ng7
44.a4 Nxh5 45.a5 Ng3 46.Bf2 Ne4 47.Be1 Nc5+ 48.Ke3 Ne6 49.Kf3 Kd4 50.Kg3 Ke4
51.Bd2 Kd3 52.Bc1 Ke4 53.Kh4 Nd4 54.Kh5 Kd5 55.Kxh6 Ke6 56.Kg6 Nb3 57.Be3 Nxa5
58.Bc5 Nc4 59.Kg5 a5 60.Kg6 a4 61.Kg5 a3 62.Bd4 a2 63.Kg6 Na3 64.Bc3 Nc2
65.Bb2 a1=Q 66.Bxa1 Nxa1 67.Kg5 Nb3 68.Kh4 Nc1 69.Kg3 Nd3 70.Kf3 Kd5 71.Ke3 Nb4
72.Kf3 Kd4 73.e6 Nd5 74.Kg3 Ke4 75.Kh4 Kxf4 76.Kh5 Ne7  0-1

[Event "Bullet Chess Winners 2024"]
[Site "chess.com INT"]
[Date "2024.06.10"]
[Round "1.9"]
[White "Nakamura,Hi"]
[Black "Yoo,Christopher Woojin"]
[Result "1-0"]
[WhiteElo "2794"]
[BlackElo "2599"]

1.Nf3 Nf6 2.b3 c5 3.Bb2 Nc6 4.e3 a6 5.d4 cxd4 6.Nxd4 d5 7.Nxc6 bxc6 8.Nd2 Qc7
9.c4 e5 10.Rc1 Bg4 11.Qc2 Bb4 12.cxd5 Nxd5 13.a3 Bxd2+ 14.Qxd2 O-O 15.Qxd5 Rfd8
16.Qxe5  1-0

[Event "Bullet Chess Winners 2024"]
[Site "chess.com INT"]
[Date "2024.06.10"]
[Round "1.10"]
[White "Yoo,Christopher Woojin"]
[Black "Nakamura,Hi"]
[Result "1-0"]
[WhiteElo "2599"]
[BlackElo "2794"]

1.e4 g6 2.h4 h5 3.d4 c6 4.Nc3 d5 5.e5 Nh6 6.Nf3 Bg4 7.Be2 Nf5 8.e6 f6 9.Ng1 Bxe2
10.Ngxe2 Qc8 11.Nf4 Rg8 12.g4 hxg4 13.Be3 g3 14.Qg4 Bh6 15.Nce2 Na6 16.h5 Nxe3
17.fxe3 g5 18.Nd3 g2 19.Rg1 Nc7 20.Nc5 b6 21.Nd7 Nxe6 22.Qxe6 Rg7 23.Nxf6+ Kd8
24.Qxc8+ Rxc8 25.Ng4 Rh7 26.Rxg2 Bf8 27.Ng3 e6 28.Ke2 Bd6 29.Rf1 Bxg3 30.Rxg3 Rxh5
31.Rf8+ Kc7 32.Rf7+ Kb8 33.Ne5 c5 34.c3 Rh2+ 35.Rf2 Rh5 36.Rfg2 Rg8 37.Nd7+  1-0

[Event "Bullet Chess Winners 2024"]
[Site "chess.com INT"]
[Date "2024.06.10"]
[Round "1.11"]
[White "Nakamura,Hi"]
[Black "Yoo,Christopher Woojin"]
[Result "1-0"]
[WhiteElo "2794"]
[BlackElo "2599"]

1.b3 Nf6 2.Bb2 b6 3.e3 Bb7 4.Nf3 c5 5.d4 cxd4 6.Nxd4 e5 7.Nb5 d6 8.Ba3 d5
9.Bxf8 Kxf8 10.c4 Nc6 11.cxd5 Nxd5 12.Bc4 Ndb4 13.Nd6 Na5 14.O-O Nxc4 15.bxc4 Qe7
16.Nxb7 Qxb7 17.Nc3 Qe7 18.a3 Nc6 19.Nd5 Qd6 20.Qg4 Rd8 21.Rad1 Qg6 22.Qh4 f6
23.f4 h5 24.fxe5 Nxe5 25.Nf4 Rxd1 26.Nxg6+ Nxg6 27.Qe4 Rxf1+ 28.Kxf1 Kf7
29.Qb7+ Ne7 30.Qxa7 Rc8 31.Qxb6 Rxc4 32.Qb3  1-0

[Event "Bullet Chess Winners 2024"]
[Site "chess.com INT"]
[Date "2024.06.10"]
[Round "1.12"]
[White "Yoo,Christopher Woojin"]
[Black "Nakamura,Hi"]
[Result "0-1"]
[WhiteElo "2599"]
[BlackElo "2794"]

1.e4 g6 2.d4 Bg7 3.h4 h5 4.Nf3 c6 5.c4 d6 6.Be2 Bg4 7.Nc3 Bxf3 8.Bxf3 Nd7
9.O-O e5 10.Bg5 Bf6 11.Bxf6 Ngxf6 12.d5 c5 13.g3 a6 14.Qd2 Qe7 15.Bg2 Kf8
16.Rae1 Kg7 17.Bh3 b5 18.cxb5 axb5 19.Nxb5 Rxa2 20.Nc3 Ra7 21.Ra1 Rb7 22.Ra6 Rhb8
23.Rb1 c4 24.Bxd7 Nxd7 25.Qe2 Nc5 26.Rc6 Rb4 27.Qe3 Nb3 28.f4 Nd4 29.Ra6 Rxb2
30.Rxb2 Rxb2 31.fxe5 Qxe5 32.Qf4 Rc2 33.Qxe5+ dxe5 34.Na4 c3 35.d6 Rc1+ 36.Kg2 c2
37.d7 Rg1+ 38.Kxg1 c1=Q+ 39.Kg2 Qd2+ 40.Kh3 Nf3  0-1

[Event "Bullet Chess Winners 2024"]
[Site "chess.com INT"]
[Date "2024.06.10"]
[Round "1.13"]
[White "Nakamura,Hi"]
[Black "Yoo,Christopher Woojin"]
[Result "1-0"]
[WhiteElo "2794"]
[BlackElo "2599"]

1.Nf3 Nf6 2.b3 g6 3.Bb2 Bg7 4.d4 O-O 5.e3 d6 6.Be2 Nbd7 7.O-O b6 8.c4 Bb7
9.Qc2 Ne4 10.Rd1 Qe8 11.Nc3 Nxc3 12.Bxc3 e5 13.dxe5 dxe5 14.Rd2 e4 15.Bxg7 Kxg7
16.Nd4 Qe5 17.Rad1 Nf6 18.b4 a5 19.a3 axb4 20.axb4 c5 21.bxc5 bxc5 22.Nb5 Bc8
23.Nd6 Be6 24.h3 Rfb8 25.Bf1 h5 26.Nb5 Ra5 27.Rd6 Rb7 28.Qd2 Ra4 29.Rd8 Rb4
30.Nd6 Ra7 31.Ne8+ Nxe8 32.Rxe8 Rb8 33.Rxb8 Qxb8 34.Qc3+ f6 35.g3 Qe5 36.Qc2 Rd7
37.Rb1 Ra7 38.Bg2 f5 39.h4 Ra1 40.Bf1 Rxb1 41.Qxb1 Qc7 42.Qb5 Kf7 43.Qb2 Bd7
44.Qh8 Qd6 45.Qh7+ Kf6 46.Qh8+ Kf7 47.Be2 Qf6 48.Qb8 Qe7 49.Qc7 Be6 50.Qc6 Bd7
51.Qd5+ Be6 52.Qd2 Bd7 53.Qb2 Be6 54.Qa3 Qd6 55.Kg2 Qe7 56.Bd1 Qd6 57.Ba4 Qe7
58.Qc3 Qd6 59.Qh8 Qe7 60.Qh7+ Kf6 61.Qh8+ Kf7 62.Bc6 Qd6 63.Qh7+ Kf6 64.Be8 Qd1
65.Qxg6+ Ke7 66.Qxh5 Qxh5 67.Bxh5 Bxc4 68.Bd1 Be6 69.Kf1 c4 70.Ke1 c3 71.Bc2 Bc4
72.Kd1 Bd3 73.Kc1 Kf6 74.Bd1 Kg7 75.f4 Kg6 76.Ba4 Kh5 77.Bd1+  1-0

[Event "Bullet Chess Winners 2024"]
[Site "chess.com INT"]
[Date "2024.06.10"]
[Round "2.19"]
[White "Nakamura,Hi"]
[Black "Paravyan,D"]
[Result "1-0"]
[WhiteElo "2794"]
[BlackElo "2610"]

1.b3 d5 2.Bb2 c5 3.Nf3 f6 4.e3 e5 5.c4 d4 6.Bd3 Na6 7.a3 Ne7 8.exd4 cxd4
9.b4 Nc7 10.O-O Be6 11.Re1 Qd7 12.Be4 Bxc4 13.Bxb7 Rb8 14.Be4 Bd5 15.d3 Bxe4
16.dxe4 Ne6 17.Nbd2 Ng6 18.Nc4 Be7 19.Qb3 O-O 20.Rad1 Kh8 21.Na5 Nef4 22.Nd2 Qg4
23.Qf3 Qg5 24.g3 Nh4 25.Qb3 Qg4 26.Kh1 Qh3 27.Rg1 Rbc8 28.gxf4 Rc3 29.Bxc3 dxc3
30.Rg3 Qd7 31.Qxc3 exf4 32.Rd3 Qg4 33.Rg1 Qh5 34.Nf3 Ng6 35.Nc6 Rc8 36.Nxe7 Nxe7
37.Qxc8+ Nxc8 38.Rd8+ Qe8 39.Rxe8+  1-0

[Event "Bullet Chess Winners 2024"]
[Site "chess.com INT"]
[Date "2024.06.10"]
[Round "2.18"]
[White "Paravyan,D"]
[Black "Nakamura,Hi"]
[Result "0-1"]
[WhiteElo "2610"]
[BlackElo "2794"]

1.e4 g6 2.d4 Bg7 3.Nf3 c6 4.h3 d5 5.e5 c5 6.dxc5 Nc6 7.Bb5 e6 8.O-O Ne7 9.Bg5 Qa5
10.c4 dxc4 11.Nc3 a6 12.Bxc6+ Nxc6 13.Ne4 O-O 14.Bf6 b5 15.Qc1 Bb7 16.Qf4 Qc7
17.Nd6 Ne7 18.Bxg7 Kxg7 19.Qf6+ Kg8 20.Nh2 Nd5 21.Qh4 f5 22.Nf3 Nb4 23.Ng5 Bd5
24.Rae1 Nd3 25.Re3 Nxc5 26.Rd1 Ra7 27.f4 Nd3 28.b3 Qb6 29.Qg3 Rg7 30.Kh2 h6
31.bxc4 bxc4 32.Rexd3 cxd3 33.Nf3 Qe3 34.Ne1 Qxg3+ 35.Kxg3 g5 36.Nxd3 gxf4+
37.Kh4 f3 38.gxf3 f4 39.Nc5 Rg5 40.Nd7 Bxf3  0-1

[Event "Bullet Chess Winners 2024"]
[Site "chess.com INT"]
[Date "2024.06.10"]
[Round "2.17"]
[White "Nakamura,Hi"]
[Black "Paravyan,D"]
[Result "1-0"]
[WhiteElo "2794"]
[BlackElo "2610"]

1.b3 d5 2.Nf3 c5 3.e3 Nf6 4.d4 cxd4 5.Nxd4 e6 6.Bb2 Bb4+ 7.c3 Be7 8.Nd2 O-O
9.c4 Nc6 10.Nxc6 bxc6 11.Be2 a5 12.O-O a4 13.Rc1 axb3 14.axb3 Ba6 15.Nf3 Qb6
16.Bd4 Qb7 17.Ne5 Rfc8 18.Bf3 Rab8 19.Rb1 Nd7 20.Qc2 Nxe5 21.Bxe5 Qd7 22.Bxb8 Rxb8
23.Rfd1 g6 24.cxd5 cxd5 25.Rbc1 Ba3 26.Ra1  1-0

[Event "Bullet Chess Winners 2024"]
[Site "chess.com INT"]
[Date "2024.06.10"]
[Round "2.16"]
[White "Paravyan,D"]
[Black "Nakamura,Hi"]
[Result "1-0"]
[WhiteElo "2610"]
[BlackElo "2794"]

1.e4 g6 2.d4 Bg7 3.Nf3 c6 4.Bd3 d5 5.e5 Bg4 6.Nbd2 c5 7.h3 Bxf3 8.Nxf3 cxd4
9.O-O Nc6 10.Re1 e6 11.a3 Nge7 12.Bg5 Qc7 13.Qe2 h6 14.Bf6 O-O 15.b4 a6 16.Qd2 Kh8
17.Qxh6+  1-0

[Event "Bullet Chess Winners 2024"]
[Site "chess.com INT"]
[Date "2024.06.10"]
[Round "2.15"]
[White "Nakamura,Hi"]
[Black "Paravyan,D"]
[Result "0-1"]
[WhiteElo "2794"]
[BlackElo "2610"]

1.b3 d5 2.Bb2 c5 3.Nf3 f6 4.c4 d4 5.e3 e5 6.exd4 cxd4 7.Bd3 Nd7 8.O-O Nc5
9.Ne1 Nxd3 10.Nxd3 Bf5 11.Qf3 Qd7 12.Re1 O-O-O 13.Ba3 Nh6 14.Bxf8 Rhxf8 15.Na3 Rfe8
16.Nc5 Qc7 17.b4 Kb8 18.Nb5 Qc6 19.Qb3 d3 20.a4 Bc8 21.a5 Nf5 22.a6 bxa6
23.Nc3 Nd4 24.Qa2 Nc2 25.Reb1 Nxa1 26.Qxa1 Bb7 27.N3e4 f5 28.b5 axb5 29.Rxb5 Re7
30.Na6+ Ka8 31.Qa5 Rc8 32.Nac5 fxe4 33.Qb4 e3 34.f3 exd2 35.Qxd2 Ba6 36.Ra5 Qb6
37.Rxa6 Qxc5+ 38.Kf1 Rd7 39.Ra1 e4 40.fxe4 Rf8+ 41.Qf4 Rxf4+ 42.Ke1 Qe3+  0-1

[Event "Bullet Chess Winners 2024"]
[Site "chess.com INT"]
[Date "2024.06.10"]
[Round "2.3"]
[White "Nakamura,Hi"]
[Black "Paravyan,D"]
[Result "1-0"]
[WhiteElo "2794"]
[BlackElo "2610"]

1.b3 d5 2.Bb2 c5 3.Nf3 f6 4.e3 e5 5.c4 d4 6.exd4 cxd4 7.Bd3 Nc6 8.Be4 Nge7
9.O-O Be6 10.Re1 g6 11.a3 Bg7 12.d3 O-O 13.b4 a6 14.Nbd2 Kh8 15.Nb3 Bg8 16.Nc5 Qc7
17.Rc1 f5 18.Bxc6 Nxc6 19.b5 Na5 20.Nb3 axb5 21.cxb5 Qb6 22.Nxa5 Qxa5 23.Nxe5 Qxb5
24.Bxd4 Rae8 25.f4 Re6 26.Qf3 Rfe8 27.Rc7 Bf6 28.Nxg6+ hxg6 29.Qh3+ Bh7 30.Qxh7+  1-0

[Event "Bullet Chess Winners 2024"]
[Site "chess.com INT"]
[Date "2024.06.10"]
[Round "2.2"]
[White "Paravyan,D"]
[Black "Nakamura,Hi"]
[Result "0-1"]
[WhiteElo "2610"]
[BlackElo "2794"]

1.e4 g6 2.d4 Bg7 3.Nf3 c6 4.Bd3 d5 5.exd5 cxd5 6.h3 Nc6 7.c3 Nf6 8.O-O O-O
9.Re1 Bf5 10.Bxf5 gxf5 11.Nbd2 Ne4 12.Nf1 e6 13.Bf4 Kh8 14.Ne5 Nxe5 15.Bxe5 Bxe5
16.dxe5 Rg8 17.Qd4 Qh4 18.Kh2 Qxf2 19.Qxf2 Nxf2 20.Nd2 Nd3 21.Re2 Rg7 22.Nf3 Rag8
23.Rd2 Nf4 24.Rg1 Rg3 25.Rf2 Nd3 26.Rd2 Nc5 27.Re2 Ne4 28.Nd4 R3g6 29.Rf1 Ng3
30.Rff2 Nxe2 31.Rxe2 Rg3 32.Nf3 f4 33.Rf2 h5 34.Nd4 R8g5 35.Ne2 h4 36.Nxf4 Rf5
37.Kg1 Re3 38.Nxd5 Re1+  0-1

[Event "Bullet Chess Winners 2024"]
[Site "chess.com INT"]
[Date "2024.06.10"]
[Round "2.12"]
[White "Paravyan,D"]
[Black "Nakamura,Hi"]
[Result "0-1"]
[WhiteElo "2610"]
[BlackElo "2794"]

1.d4 g6 2.Nf3 Bg7 3.Bf4 d6 4.e3 c5 5.Nc3 cxd4 6.exd4 Nc6 7.Be2 Bg4 8.d5 Bxf3
9.Bxf3 Nd4 10.O-O Nxf3+ 11.Qxf3 Nf6 12.Rfe1 O-O 13.Re2 Rc8 14.Rae1 Re8 15.h3 a6
16.Bg5 h6 17.Bc1 Nd7 18.h4 Rc4 19.g3 Ne5 20.Qg2 Qc8 21.Bf4 b5 22.h5 g5 23.Bxe5 Bxe5
24.Nd1 Rxc2 25.Ne3 Rxe2 26.Rxe2 Bd4 27.Qe4 Bxe3 28.Rxe3 Qc4 29.Qf5 Qc1+ 30.Kg2 Qxb2
31.Qd7 Kf8 32.Rf3 Qe5 33.Qc6 Qe4  0-1

[Event "Bullet Chess Winners 2024"]
[Site "chess.com INT"]
[Date "2024.06.10"]
[Round "2.1"]
[White "Nakamura,Hi"]
[Black "Paravyan,D"]
[Result "0-1"]
[WhiteElo "2794"]
[BlackElo "2610"]

1.Nf3 d5 2.d4 Nf6 3.c4 e6 4.Nc3 c5 5.cxd5 Nxd5 6.e4 Nxc3 7.bxc3 cxd4 8.cxd4 Bb4+
9.Bd2 Bxd2+ 10.Qxd2 O-O 11.h4 Nd7 12.h5 h6 13.Rh3 b6 14.Rg3 Kh8 15.e5 Bb7
16.Bd3 f5 17.Qf4 Nc5 18.Nh4 Nxd3+ 19.Rxd3 Re8 20.Ng6+ Kh7 21.g4 Be4 22.Rd2 Qg5
23.Qxg5 hxg5 24.gxf5 Bxf5 25.f3 Rac8 26.Rg2 Kh6 27.f4 g4 28.Nh4 Kxh5 29.Rh2 g3
30.Rh1 Be4 31.Ng2+ Kg4 32.Rh4+ Kf3 33.Kf1 Rh8 34.Re1 Bd3+ 35.Kg1 Rxh4 36.Nxh4+ Kxf4
37.Ng2+ Kf5 38.Ne3+ Kg5 39.d5 exd5 40.Nxd5 Bc4 41.Rc1 b5 42.e6 Re8 43.Ne3 Rxe6
44.Nxc4 bxc4 45.Rxc4 Re1+ 46.Kg2 Re2+ 47.Kxg3 Rxa2 48.Rc5+ Kh6 49.Kf4 Kh7
50.Kg4 Ra6 51.Rh5+ Rh6 52.Rb5 Rg6+ 53.Kh5 Rb6 54.Kg5 Rxb5+  0-1

[Event "Bullet Chess Winners 2024"]
[Site "chess.com INT"]
[Date "2024.06.10"]
[Round "2.14"]
[White "Paravyan,D"]
[Black "Nakamura,Hi"]
[Result "0-1"]
[WhiteElo "2610"]
[BlackElo "2794"]

1.d4 g6 2.c4 Bg7 3.Nf3 d6 4.Nc3 Nc6 5.d5 Ne5 6.Nxe5 Bxe5 7.e4 Bg7 8.Bd3 e6
9.O-O Ne7 10.h4 O-O 11.h5 c5 12.h6 Bh8 13.Bg5 f6 14.Be3 f5 15.Bg5 Bf6 16.Qd2 e5
17.Bxf6 Rxf6 18.Qg5 Qf8 19.f4 exf4 20.Rxf4 Bd7 21.Raf1 Re8 22.g4 Kh8 23.exf5 gxf5
24.gxf5 Qxh6 25.Qxh6 Rxh6 26.f6 Ng6 27.f7 Rf8 28.Rf6 Kg7 29.Rxd6 Bh3 30.Rf2 Ne5
31.Rxh6 Kxh6 32.Rh2 Nf3+ 33.Kh1 Nxh2 34.Kxh2 Rxf7 35.Kxh3 Rf3+ 36.Kg4 Rxd3
37.Kf5 Kg7 38.Ke6 Kf8 39.d6 Rxc3 40.bxc3 Ke8 41.Kd5 h5 42.Ke5 Kd7 43.a4 b6
44.Ke4 Kxd6 45.Kf5 a6  0-1

[Event "Bullet Chess Winners 2024"]
[Site "chess.com INT"]
[Date "2024.06.10"]
[Round "2.13"]
[White "Nakamura,Hi"]
[Black "Paravyan,D"]
[Result "1/2-1/2"]
[WhiteElo "2794"]
[BlackElo "2610"]

1.b3 d5 2.Bb2 c5 3.Nf3 Nf6 4.e3 g6 5.d4 cxd4 6.Nxd4 Bg7 7.Be2 O-O 8.O-O Re8
9.c4 e5 10.Nf3 Nc6 11.cxd5 Nxd5 12.Nc3 Nxc3 13.Bxc3 e4 14.Nd4 Nxd4 15.Bxd4 Bxd4
16.Qxd4 Qxd4 17.exd4 Be6 18.Rac1 Red8 19.Rfd1 Rd7 20.Bc4 Rad8 21.Bxe6 fxe6
22.Kf1 Rxd4 23.Rxd4 Rxd4 24.Rc8+ Kg7 25.Rc7+ Kh6 26.Ke2 Rb4 27.Ke3 a5 28.h4 a4
29.bxa4 Rxa4 30.g4 Rxa2 31.Rxb7 g5 32.h5 Ra3+ 33.Kxe4 Ra4+ 34.Kf3 Rf4+ 35.Kg3 Rf6
36.Re7 e5 37.Rxe5 Rd6 38.Rf5 Rc6 39.f3 Rd6 40.Kf2 Rc6 41.Ke3 Ra6 42.Kd4 Rb6
43.Ke5 Rb5+ 44.Ke6 Rb6+ 45.Ke7 Rb7+ 46.Kf8 Rb8+ 47.Kf7 Rb7+ 48.Kg8 Rb8+ 49.Kf7 Rb7+
50.Ke6 Rb6+ 51.Kd5 Rb5+ 52.Ke4 Rb4+ 53.Kd3 Rb3+ 54.Kc4 Rb6 55.Kc5 Ra6 56.Rd5 Rf6
57.Rd6 Kg7 58.Rxf6 Kxf6 59.Kd6 h6 60.Kd5 Kf7 61.Ke5 Ke7 62.Kd4 Kd8 63.Ke4 Ke8
64.Kd5 Kd7 65.Kc5 Ke6 66.Kc4 Ke5 67.Kd3 Kd5 68.Kd2 Kd6 69.Ke3 Ke5 70.f4+ gxf4+
71.Kf3 Ke6 72.Kxf4 Kf6 73.Kf3 Kf7 74.Ke3 Ke7 75.Kd4 Kd6 76.Ke4 Ke6 77.Kf4 Kf6
78.Kf3 Ke5 79.Ke3 Kf6 80.Ke4 Ke6 81.Kf4  1/2-1/2

[Event "Bullet Chess Winners 2024"]
[Site "chess.com INT"]
[Date "2024.06.10"]
[Round "2.6"]
[White "Paravyan,D"]
[Black "Nakamura,Hi"]
[Result "1/2-1/2"]
[WhiteElo "2610"]
[BlackElo "2794"]

1.e4 g6 2.Nf3 Bg7 3.d4 c6 4.Nc3 d5 5.h3 dxe4 6.Nxe4 Nf6 7.Nxf6+ exf6 8.Bc4 O-O
9.O-O Nd7 10.a4 Nb6 11.Bb3 Be6 12.Bxe6 fxe6 13.a5 Nc4 14.a6 b5 15.Qe2 Re8
16.b3 Nb6 17.c4 Qd7 18.Ba3 e5 19.dxe5 bxc4 20.bxc4 fxe5 21.Rad1 Qe6 22.Ng5 Qxc4
23.Qxc4+ Nxc4 24.Bc5 e4 25.Rfe1 e3 26.fxe3 Re5 27.Rc1 Rxc5 28.Ne4 Ra5 29.Rxc4 Rxa6
30.Rb1 Ra1 31.Rxa1 Bxa1 32.Rxc6 a5 33.Rc2 a4 34.Ra2 Bg7 35.Kf2 a3 36.Ke2 Bb2
37.Nd2 Rc8 38.Kd3 Rc3+ 39.Kd4 Kf7 40.Nc4 Rc2+ 41.Kd3 Rc3+ 42.Kd4 Rb3+ 43.Kd5 Rb4
44.Nxa3 Bf6 45.Nc4 Rb5+ 46.Kc6 Rg5 47.g4 h5 48.Rg2 Ke6 49.e4 Be7 50.Ne3 Rc5+
51.Kb7 Rc3 52.Nd5 Rc4 53.gxh5 gxh5 54.Rg6+ Kf7 55.Rh6 Rxe4 56.Rxh5 Bd6 57.Kc6 Ke6
58.Rh6+ Ke5 59.Rxd6 Rc4+ 60.Kb5 Rd4 61.Rd8 Rxd5+ 62.Rxd5+ Kxd5 63.Kb4 Ke5
64.Kc3 Kf4 65.Kd3 Kg5 66.Ke4 Kh4 67.Kf5 Kxh3  1/2-1/2

[Event "Bullet Chess Winners 2024"]
[Site "chess.com INT"]
[Date "2024.06.10"]
[Round "2.11"]
[White "Nakamura,Hi"]
[Black "Paravyan,D"]
[Result "1-0"]
[WhiteElo "2794"]
[BlackElo "2610"]

1.b3 d5 2.Bb2 c5 3.Nf3 f6 4.c4 d4 5.e3 e5 6.exd4 e4 7.Qe2 Qe7 8.Ng1 Nc6 9.dxc5 Nh6
10.d4 Bg4 11.Qd2 O-O-O 12.Be2 Kb8 13.Qf4+ Ka8 14.Bxg4 g5 15.Qg3 f5 16.d5 Bg7
17.Bxg7 Qxg7 18.Qc3 Nd4 19.Ne2 Nc2+ 20.Qxc2 Qxa1 21.Nc3 Nxg4 22.h3 Ne5 23.O-O Nd3
24.Na4 Qd4 25.c6 bxc6 26.dxc6 e3 27.fxe3 Qxe3+ 28.Kh1 g4 29.Nbc3 gxh3 30.Nd5 Qe4
31.Nac3 hxg2+ 32.Qxg2 Qh4+ 33.Qh2 Qe4+ 34.Nxe4  1-0

[Event "Bullet Chess Winners 2024"]
[Site "chess.com INT"]
[Date "2024.06.10"]
[Round "2.10"]
[White "Paravyan,D"]
[Black "Nakamura,Hi"]
[Result "1/2-1/2"]
[WhiteElo "2610"]
[BlackElo "2794"]

1.e4 g6 2.d4 Bg7 3.Nf3 c6 4.Nc3 d5 5.h3 dxe4 6.Nxe4 Nf6 7.Nxf6+ exf6 8.Bc4 O-O
9.O-O Nd7 10.Re1 b5 11.Bb3 Nb6 12.Bf4 a5 13.a4 Re8 14.Qd2 Rxe1+ 15.Rxe1 bxa4
16.Ba2 Ra7 17.Bh6 Nd5 18.Bxg7 Kxg7 19.c3 Rb7 20.Re2 Be6 21.Ne1 Qb8 22.Nd3 Bf5
23.Nc5 Re7 24.Bxd5 Rxe2 25.Qxe2 cxd5 26.Nxa4 h5 27.Nc5 h4 28.Qd2 Qb5 29.f3 a4
30.Kf2 g5 31.f4 g4 32.hxg4 Bxg4 33.Nd3 Qc4 34.Nb4 Qb3 35.Qc2 Qc4 36.Kg1 Be6
37.Qxa4 Qe2 38.Qc2 Qe1+ 39.Kh2 Qg3+ 40.Kh1 Qe1+ 41.Kh2 Qg3+ 42.Kh1 Qe1+ 43.Kh2  1/2-1/2

[Event "Bullet Chess Winners 2024"]
[Site "chess.com INT"]
[Date "2024.06.10"]
[Round "2.4"]
[White "Paravyan,D"]
[Black "Nakamura,Hi"]
[Result "0-1"]
[WhiteElo "2610"]
[BlackElo "2794"]

1.d4 g6 2.e4 Bg7 3.Nf3 c6 4.Be2 d5 5.Nbd2 Bg4 6.c3 dxe4 7.Nxe4 Nf6 8.Nxf6+ exf6
9.h3 Bxf3 10.Bxf3 O-O 11.O-O Nd7 12.a4 a5 13.Bf4 Nb6 14.Qb3 Nd5 15.Bxd5 Qxd5
16.Qxd5 cxd5 17.Rfe1 Rfe8 18.Rxe8+ Rxe8 19.Bc7 Ra8 20.Re1 Bf8 21.g4 Kg7 22.Kg2 Ra6
23.Re8 Bd6 24.Bxd6 Rxd6 25.Ra8 b6 26.Re8 Re6 27.Rd8 Re2 28.b3 Rb2 29.Rxd5 Rxb3
30.c4 Rb4 31.c5 bxc5 32.dxc5 Rxa4 33.c6 Rc4 34.Rxa5 Rxc6 35.Kg3 Re6 36.f3 Re5
37.Ra7 f5 38.Ra4 Rb5 39.h4 h6 40.g5 hxg5 41.hxg5 Rb3 42.Kf2 Rb2+ 43.Kg3 Rb1
44.f4 Rb7 45.Kf3 f6 46.gxf6+ Kxf6 47.Ra6+ Kg7 48.Ra3 Kh6 49.Kg3 Kh5 50.Rc3 Ra7
51.Rb3 Ra1 52.Rc3 Rg1+ 53.Kh3 Rg4 54.Rf3 Kh6 55.Rf2 Kg7 56.Rf1 Kf6 57.Rf2 Ke6
58.Re2+ Kd6 59.Ra2 Kd5 60.Ra5+ Ke4 61.Ra4+ Kf3 62.Rb4 Rxf4 63.Rb3+ Ke4 64.Rg3 Rf3  0-1

[Event "Bullet Chess Winners 2024"]
[Site "chess.com INT"]
[Date "2024.06.10"]
[Round "2.5"]
[White "Nakamura,Hi"]
[Black "Paravyan,D"]
[Result "1-0"]
[WhiteElo "2794"]
[BlackElo "2610"]

1.b3 d5 2.Bb2 c5 3.Nf3 f6 4.d4 cxd4 5.Nxd4 e5 6.Nf3 Nc6 7.e3 Nge7 8.c4 Be6
9.Nc3 dxc4 10.Bxc4 Bxc4 11.bxc4 Qxd1+ 12.Rxd1 Rc8 13.c5 Nf5 14.Ne4 Kf7 15.g4 Nh6
16.h3 Be7 17.Rd7 Rhd8 18.Rxb7 Rb8 19.Rxb8 Rxb8 20.Bc1 Rb4 21.Nfd2 f5 22.gxf5 Nxf5
23.Ke2 Ke6 24.a3 Ra4 25.Nc3 Rh4 26.Nde4 g6 27.Bd2 Nfd4+ 28.exd4 exd4 29.Bg5 Rh5
30.Bxe7 dxc3 31.Bd6 Kd5 32.Nf6+ Kc4 33.Nxh5  1-0